| 000 | 00930nas a2200313 4500 | ||
|---|---|---|---|
| 001 | BR0601770 | ||
| 003 | BR-BrBNA | ||
| 005 | 20231205105952.0 | ||
| 007 | ta | ||
| 008 | 230509b bl.|||p| |||| 00| 00por d | ||
| 040 |
_aBR-BrBNA _bpor _cBiblioteca Nacional de Agricultura |
||
| 041 | _a(Pt) | ||
| 072 | _aL01 | ||
| 100 | 1 | _aPires, C.C. | |
| 100 | 1 | _aMotta, O. da S. | |
| 100 | 1 | _aSilva, J.H.S. da | |
| 100 | 1 | _aRosa, G.T. da | |
| 100 | 1 | _aMüller, L. | |
| 100 | 1 | _aZeppenfeld, C.C. | |
| 245 | 1 | _aEfeito de categoria animal e níveis nutricionais sobre a produção de leite em ovinos | |
| 650 | _aOVINO | ||
| 650 | _aGANHO DE PESO | ||
| 650 | _aCURVA DE LACTAÇÃO | ||
| 650 | _aPRODUÇÃO LEITEIRA | ||
| 650 | _aNUTRIÇÃO ANIMAL | ||
| 773 | 0 |
_tRevista Científica Rural (Brazil) _xISSN 1413-8263 _g(2005), v. 10(2) p. 123-129 _wBR0601770 |
|
| 909 |
_a202311 _bLúcia _c55 _dLúcia Elande |
||
| 942 |
_2AGRIS _n0 _cANA |
||
| 999 |
_c185606 _d185606 |
||